Language Quiz

Random Language or Author Quiz

Novels in Latin Quiz Stats

 Plays Quiz Updated May 24, 2019

Support Sporcle.
Go Orange.
Score 0/20 Timer 05:00
1 Play Today
Latin Title English Title % Correct
Fundus AnimaliumAnimal Farm
77.1%
Ego, ClaudiusI, Claudius
76%
Fortis Nova TerraBrave New World
63.4%
Sonus et FurorThe Sound and the Fury
54%
Somnus LongusThe Big Sleep
44.7%
Feminae ParvaeLittle Women
44.4%
Nativus FiliusNative Son
43.6%
Omnes Homines RegisAll the King's Men
37.5%
In ViaOn the Road
36.5%
Maleficium et PoenaCrime and Punishment
32%
Latin Title English Title % Correct
PecuniaMoney
31.2%
Oculi Eorum Deum ObservabantTheir Eyes Were Watching God
28.4%
Uvae IraeThe Grapes of Wrath
26.1%
Sol Et OriturThe Sun Also Rises
21.5%
AmataBeloved
17%
Dominus MuscarumLord of the Flies
16.7%
Cunicule, CurreRabbit, Run
10%
Vocatio FerorumThe Call of the Wild
8.9%
RegulusThe Little Prince
7%
HospesThe Stranger
3.7%

You're not logged in!

Compare scores with friends on all Sporcle quizzes.
OR
Log In
Forgot?

From the Vault

Artist by Painting II

by The23

Warning: This quiz does not contain any happy little trees.
Remove Ads.
Support Sporcle.
Get the best of Sporcle when you Go Orange. This ad-free experience offers more features, more stats, and more fun while also helping to support Sporcle. Thank you for becoming a member.

Show Comments

Extras

Top Quizzes Today


Score Distribution

Your Account Isn't Verified!

In order to create a playlist on Sporcle, you need to verify the email address you used during registration. Go to your Sporcle Settings to finish the process.

Report this User

Report this user for behavior that violates our Community Guidelines.

Details: